00211nam a2200073Ia 4500008004100000082000800041100002200049245006600071240331s9999 xx 000 0 und d bBAL aBalasuriya, Tissa 0aDevelopment and under-development in Sri Lanka 1977-1985 :b-